[Event "Fredericia-ch B"]
[Site "Fredericia"]
[Date "2013.09.23"]
[Round "4"]
[White "Paulsen, Hans Norgaard"]
[Black "Nielsen, Lasse"]
[Result "1/2-1/2"]
[WhiteElo "1837"]
[BlackElo "1745"]
[PlyCount "62"]
[EventDate "2013.08.26"]
[EventType "tourn"]
[EventRounds "5"]
[EventCountry "DEN"]
[SourceTitle "EXT 2023"]
[Source "ChessBase"]
[SourceDate "2022.10.05"]
[SourceVersion "1"]
[SourceVersionDate "2022.10.05"]
[SourceQuality "1"]

1. e4 c5 2. Nf3 d6 3. Bb5+ Bd7 4. Bxd7+ Nxd7 5. 0-0 g6 6. c3 Ngf6 7. Re1 Bg7 8. d4 0-0 9. e5 Ng4 10. h3 Nh6 11. e6 Nb6 12. exf7+ Rxf7 13. Ng5 Rf5 14. Qb3+ c4 15. Qc2 Nf7 16. Ne6 Qd7 17. Nxg7 Kxg7 18. Qe4 e5 19. dxe5 Rxe5 20. Qd4 Kg8 21. Rxe5 dxe5 22. Qxd7 Nxd7 23. Be3 Rd8 24. Na3 Rc8 25. Rd1 Nc5 26. Nxc4 Na4 27. b3 Nxc3 28. Rd2 b6 29. a4 Nxa4 30. bxa4 Rxc4 31. Ra2 Nd6 1/2-1/2